000 00999nam a2200265Ia 4500
003 OSt
005 20221005110844.0
006 a|||||r|||| 00| 0
007 ta
008 221004b |||||||| |||| 00| 0 hin d
020 _a9788126722761 (hbk)
_cIndian Rupees 600
024 _a43940
037 _bGift, 30/05/2019,
_cTextual
040 _aCRL
_cCRL
_bhin
041 _2hin
_ahin
082 _aV2z7, 152Q2
100 _aशेखर, शशि, ले.
245 0 _aमिटता भारत बनता इंडिया
_b 21वीं सदी गढ़ते हुए
246 _aMiṭatā bhārat banatā ianḍiyā: 21vīan sadī gaढ़te hue
260 _aनई दिल्ली
_bराजकमल प्रकाशन भारत
_c2012
300 _a446पृ0
_ccm.
650 _aभारत-इतिहास
_9156353
942 _hV2z7, 152Q2
_cTEXL
_2cc
999 _c1020089
_d1020089